000 00317 a2200133 4500
000 nam a22 7a 4500
005 20260306123133.0
020 _a9781032575434
100 _aEberhard Voit
_91123656
245 _aA First Course in Systems Biology
250 _a3rd
260 _bCRC Press
_c2025
942 _cTEXL
999 _c1688491
_d1688491